000 00537nam a2200193 a 4500
001 BRL_1910
005 20190320211430.0
008 170815s1955----gw-#######---#000-0#ger-#
041 _ager
044 _agw
050 4 _aPF3628
_b.D83 1955
245 1 0 _aDUDEN
_bRechtschreibung der deutschen Sprache und der Fremdwöter
_cBearbeitet von der Dudenredaktion
260 _aDüsseldorf
_bAuslieferung
_c1955
300 _a786 p.
_c18 cm.
500 _aAu1967
650 1 4 _aAlemán
_vDiccionarios
_928213
902 _aGRL
942 _2lcc
_cB
999 _c10718
_d10718